|
|
|
|
| LEADER |
00848nam a2200253 a 4500 |
| 001 |
5665 |
| 003 |
BD-DhAAL |
| 005 |
20250812121704.0 |
| 008 |
150921s1912 enk d 000 0 eng |
| 010 |
|
|
|a 12029296
|
| 040 |
|
|
|a DLC
|b eng
|c ArCCA
|d DLC
|d ANL
|d BD-DhAAL
|
| 050 |
0 |
0 |
|a PE1591
|b .G7
|
| 082 |
0 |
|
|a 423.1
|2 22
|
| 100 |
1 |
|
|a Moniruzzaman, M,
|9 14932
|
| 245 |
1 |
2 |
|a A dictionary of synonyms /
|c by M. Moniruzzaman.
|
| 250 |
|
|
|a Second edition.
|
| 260 |
|
|
|a Dhaka :
|b Khan Book,
|c 2005.
|
| 300 |
|
|
|a 640 pages ;
|c 22 cm.
|
| 541 |
|
|
|e 5665
|
| 650 |
|
0 |
|a English language
|x Synonyms and antonyms
|v Dictionaries.
|9 12737
|
| 655 |
|
|
|a Dictionaries.
|9 14176
|
| 942 |
|
|
|2 ddc
|c BK
|
| 999 |
|
|
|c 35632
|d 35632
|
| 952 |
|
|
|0 0
|1 0
|2 ddc
|4 0
|6 423_100000000000000_MON
|7 0
|9 56024
|a SCL
|b SCL
|c GEN
|d 2015-09-21
|l 1
|m 1
|o 423.1 MON
|p 3020005665
|r 2022-12-05
|s 2022-11-20
|t 1
|w 2015-09-21
|y BK
|